Rozpoznaj miasto po tablicy rejestracyjnej woj. lubuskie - Statystyki

Ogólne statystyki
  • Ten quiz został rozwiązany 363 razy
  • Średni wynik to 9 z 14
Statystyki odpowiedzi
Rejestracja Miasto / powiat Odpowiedź % Poprawnych
FZ Miasto Zielona Góra
98%
FG Miasto Gorzów Wielkopolski
97%
FGW powiat gorzowski
80%
FNW powiat nowosolski
70%
FMI powiat międzyrzecki
68%
FZI powiat zielonogórski
68%
FZA powiat żarski
65%
FZG powiat żagański
60%
FSW powiat świebodziński
59%
FKR powiat krośnieński
58%
FWS powiat wschowski
58%
FSL powiat słubicki
55%
FSU powiat sulęciński
55%
FSD powiat strzelecko-drezdenecki
37%
Nie znaleziono quizów pasujących do podanych kryteriów
Rozkład punktacji
Procent ludzi z każdym wynikiem
Percentyl według liczby udzielonych odpowiedzi
Twoja historia wyników
Nie rozwiązałeś tego quizu